000 00318nam a22001457a 4500
020 _a978-352-75730-5
082 _a823
_bBRY/T
100 _aBRYANT, MEGAN.E
245 _aTINY GENUUSES
260 _aLONDON
_bSCHOLASTIC INC
_c2018
300 _a119
520 _aENGLISH NOVEL
650 _aENGLISH NOVEL
942 _cBK
999 _c5648
_d5648